Main street and Babbitt

This book was the one that made Lewis notorious in his own home town. I expected to have to appreciate the times to be able to appreciate the book. I found myself sensing issues and scenarios that are just as common and real today. If you only have time for one book by America's first Nobel Pri...

Täydet tiedot

Tallennettuna:
Bibliografiset tiedot
Päätekijä: Lewis, Sinclair
Aineistotyyppi: Kirja
Kieli:Undetermined
Julkaistu: New York, NY The Library of America 1992
Aiheet:
Tagit: Lisää tagi
Ei tageja, Lisää ensimmäinen tagi!
Thư viện lưu trữ: Trung tâm Học liệu Trường Đại học Cần Thơ
LEADER 00994nam a2200229Ia 4500
001 CTU_125639
008 210402s9999 xx 000 0 und d
020 |c 29.20 
082 |a 813.52 
082 |b L676 
100 |a Lewis, Sinclair 
245 0 |a Main street and Babbitt 
245 0 |c Sinclair Lewis; Edited by John Hersey 
260 |a New York, NY 
260 |b The Library of America 
260 |c 1992 
520 |a This book was the one that made Lewis notorious in his own home town. I expected to have to appreciate the times to be able to appreciate the book. I found myself sensing issues and scenarios that are just as common and real today. If you only have time for one book by America's first Nobel Prize-winning author, I recommend that you select this one to read. You won't be sorry! 
650 |a American literature,American fiction 
650 |y 20th century 
650 |z 20th century 
904 |i Minh 
980 |a Trung tâm Học liệu Trường Đại học Cần Thơ